[Event "Bazna Kings 4th"]
[Site "Medias"]
[Date "2010.06.17"]
[Round "4"]
[White "Carlsen, Magnus"]
[Black "Wang, Yue"]
[Result "1-0"]
[WhiteElo "2813"]
[BlackElo "2752"]
[Annotator "Rogozenco,Dorian"]
[PlyCount "107"]
[EventDate "2010.06.14"]
[EventType "tourn"]
[EventRounds "10"]
[EventCountry "ROU"]
[EventCategory "20"]
[SourceTitle "CBM 137"]
[Source "ChessBase"]
[SourceDate "2010.07.15"]
[SourceVersion "1"]
[SourceVersionDate "2010.07.15"]
[SourceQuality "1"]

1. e4 {Bangiev,Alexander J} e5 2. f4 {A big surprise: the King's Gambit is extremely rare on the top level nowadays. "Things weren't going so well in the tournament I thought I just try it and see how it goes" said Magnus after the game.} d5 ({Carlsen himself played once with Black} 2... exf4 3. Nf3 g5) 3. exd5 exf4 4. Nf3 Nf6 5. Bc4 Nxd5 6. O-O Be7 7. Bxd5 Qxd5 8. Nc3 Qd8 9. d4 O-O ({RR} 9... g5 10. Re1 O-O 11. Qd3 Nc6 12. a3 Bg4 13. d5 Nb8 14. Ne5 Bh5 15. Bd2 Nd7 16. Qh3 Nf6 17. g3 fxg3 18. hxg3 Bg6 19. Bxg5 Nxd5 20. Bxe7 Nxe7 21. Rad1 Qc8 22. Nd7 {1-0 (22) Zakarian,D (2305)-Vifleemskaia,S (1903) chess.com INT 2023}) 10. Bxf4 Bf5 $146 ({RR} 10... c6 11. d5 ({RR} 11. Qd3 Na6 12. Rae1 Be6 13. a3 Re8 14. Ne4 h6 15. Ne5 f5 16. Ng3 Bh4 17. Nxf5 Bxf5 18. Qxf5) ({RR} 11. Qe1 Bg4 12. Rd1 Nd7 13. Ne4 Nf6 14. Nxf6+ Bxf6 15. c3 Qd5 16. Qg3 Bh5 17. b3 Qa5 18. Be5) ({RR} 11. Qd2 Bf5) 11... Bf6 ({RR} 11... Qb6+ 12. Kh1 Qxb2 13. Qd3 ({RR} 13. Be5 Nd7) 13... Bb4 14. Ng5 g6 15. Nge4 f5 16. dxc6 Nxc6 17. Qc4+ Kg7 18. Rab1) 12. Be5 ({RR} 12. Qd3 Bxc3 ({RR} 12... Qb6+ 13. Kh1 Qxb2 14. Ne5) 13. Qxc3 ({RR} 13. bxc3 Qxd5) ({RR} 13. Ng5 f5 14. Qxc3 cxd5 15. Rad1 h6 16. Nf3 Nc6) 13... cxd5 ({RR} 13... Qxd5 14. Rad1) 14. Be5 f6 15. Bc7 Qd7 ({RR} 15... Qe7 16. Rae1) 16. Bf4 Nc6) 12... Bxe5 13. Nxe5 f6 ({RR} 13... Nd7 14. Nc4 ({RR} 14. Nxd7 Bxd7 15. Qd4) 14... Nb6) ({RR} 13... Qb6+ 14. Kh1 Qxb2 15. Qf3 f6 16. dxc6 bxc6 ({RR} 16... Nxc6 17. Qd5+ Kh8 18. Nf7+ Rxf7 19. Qxf7) 17. Rab1 Qxc2 18. Nd5 Qc5 ({RR} 18... cxd5 19. Qxd5+) ({RR} 18... Na6 19. Ne7+ Kh8 20. Rbc1) 19. Nc7 Qxe5 20. Nxa8) 14. dxc6 ({RR} 14. Nc4 b5 15. Ne3 b4) 14... fxe5 15. Rxf8+ ({RR} 15. Qxd8 Rxd8 16. c7 Re8 ({RR} 16... Rd2 17. cxb8=Q Rxb8 18. Rae1) 17. cxb8=Q Rxb8) 15... Qxf8 16. Qd5+ Qf7 17. Qd8+ Qf8 18. Qd5+ {½-½ (18) Conquest,S (2529)-Beliavsky,A (2654) Saint Vincent 2000 CBM 078 [Bangiev,Alexander J]}) ({RR} 10... c6 11. Qe2 Be6 12. Ne4 Re8 13. Rae1 Nd7 14. Nfg5 Bd5 15. Nc3 Bxg5 16. Qxe8+ Qxe8 17. Rxe8+ Rxe8 18. Bxg5 Bc4 19. Rd1 f6 20. Bc1 Nb6 21. b3 Bf7 22. Kf2 Nd5 23. Nxd5 cxd5 24. Be3 Rc8 25. Rc1 {Simacek,P (2469)-Bartos,J (2203) Novy Bor 2011 ½-½ (31)}) 11. Qe2 {There is almost no theory here. The impression is that White can hope for an edge thanks to his lead in development and somewhat better control in the center, but Black has the bishop pair and should be able to hold equality.} ({RR} 11. d5 Bc5+ 12. Kh1 Nd7 13. Nd4 Bg6 14. Ndb5 Rc8 15. d6) ({RR} 11. Qd2) 11... Bd6 {A new and somewhat unexpected move, since Black is giving up the bishop pair and leaves the queenside undeveloped yet.} ({Previously Black played} 11... Nc6) ({Another move to consider is} 11... c6) 12. Bxd6 Qxd6 13. Nb5 Qd8 14. c4 a6 ({More natural looks} 14... c6 15. Nc3 Nd7) 15. Nc3 Nd7 16. Rad1 Bg6 17. Qf2 Re8 18. h3 {White is slightly better, but since Black has no weaknesses it is far from easy to break through.} Rc8 {What could be possibly be the purpose of this move? It does not prepare the advance c5 and Black doesn't need to protect the pawn c7 either. So the only explanation I find is that the Chinese Grandmaster wanted just to wait and see how his opponent is going to make progress.} 19. Rfe1 Rxe1+ 20. Rxe1 c6 21. d5 {Sooner or later White must make this move.} Nf6 22. Qd4 cxd5 23. Nxd5 Nxd5 24. cxd5 Qd6 25. Ne5 {White's plan is to play at some moment c4 and then advance the d-pawn. If Black prevents it by playing b7-b5, then the weakness of square c6 is unpleasant. Therefore a good defensive plan is needed and Wang Yue fails to find it.} Re8 ({There was a reasonable way to force matters with} 25... f6 26. Nxg6 (26. Nc4 $2 {is a blunder in view of} Qb4 27. Rc1 b5 {and Black wins.}) (26. Nf3 {is also bad:} Bf7 27. Rd1 Rd8 {and White loses the d5-pawn}) 26... hxg6 27. Re6 Qc5 ({Perhaps} 27... Rc1+ 28. Kf2 Rc2+ 29. Kf3 Qd7 {is also acceptable.}) 28. Qxc5 Rxc5 29. d6 Rd5 {and the endgame should be a draw. For instance:} 30. Kf2 ({or} 30. h4 b5 31. Kf2 Kf7 32. Re7+ Kf8 33. Rd7 Rd2+ 34. Ke3 Rxg2 35. Ra7 Ke8) 30... g5 31. Ke3 (31. g4 b5 32. Ke3 Kf7 33. Re7+ Kf8 34. Rd7 g6 35. Ke4 Rd2) 31... f5 32. Re7 Rxd6 33. Rxb7 Kh7 34. a4 Kg6 35. a5 f4+ 36. Ke4 Re6+ 37. Kf3 (37. Kd3 Re3+ 38. Kd4 Re2 39. Rb6+ Kf5) 37... Kf5) (25... Bf5 $5) (25... Qc5 $2 {loses due to} 26. Qxc5 Rxc5 27. d6 Rd5 28. d7 {winning.}) 26. Re3 Rd8 (26... b5 27. Nc4 $1 Qd8 28. Rxe8+ Qxe8 29. Ne5 {is the kind of position White is aiming for.}) 27. Nc4 Qf6 28. Re5 $1 h6 $2 {This allows White to advance the pawn.} ({After} 28... b5 29. Na5 (29. Qe3 h6) 29... h6 {Black should be able to hold the position.}) 29. d6 $1 Bf5 (29... b5 30. d7 $1 Kh7 31. Nb6 {is also unpleasant.}) 30. Nb6 $1 Be6 (30... Rxd6 31. Nd5 {forces Black to give up the exchange}) (30... Qxd6 $2 {loses right away due to} 31. Rd5) 31. d7 Kh8 32. a4 {Black is almost paralyzed and will soon end up in a sort of zugzwang.} g6 33. Qc3 Kg7 34. a5 h5 35. h4 {Here the Chinese player decided to give up the exchange and go for a position where he said "I think I have chances to draw".} Rxd7 (35... Bxd7 $2 36. Rd5 {loses the bishop}) (35... Qxh4 $2 36. Rxe6+) ({Black could still wait with} 35... Kg8 {but then} 36. Rc5 ({or first} 36. g3) 36... Qxc3 (36... Qxh4 37. Rc8) 37. Rxc3 Kf8 38. Rc7 {and White wins.}) 36. Nxd7 Bxd7 37. Qd4 Bc6 38. b4 Bb5 39. Kh2 Ba4 40. Rd5 Bc6 41. Qxf6+ Kxf6 42. Rc5 Ke6 43. Kg3 f6 44. Kf2 Bd5 45. g3 g5 $2 {This loses by force, but on the other hand the position must be lost anyway. White brings the king to d4, then attacks with the rook the pawn f6, forcing Black to play e6, then White goes with the king to b6 and takes with the rook on b7, winning.} 46. g4 $1 {This way White creates a passed h-pawn, which decides quickly.} hxg4 47. h5 Be4 48. Rc7 f5 49. h6 f4 50. h7 g3+ 51. Ke1 f3 52. h8=Q f2+ 53. Ke2 Bd3+ 54. Ke3 1-0

[Event "Bazna Kings 4th"]
[Site "Medias"]
[Date "2010.06.19"]
[Round "5"]
[White "Nisipeanu, Liviu Dieter"]
[Black "Carlsen, Magnus"]
[Result "0-1"]
[WhiteElo "2672"]
[BlackElo "2813"]
[Annotator "Rogozenco,Dorian"]
[PlyCount "62"]
[EventDate "2010.06.14"]
[EventType "tourn"]
[EventRounds "10"]
[EventCountry "ROU"]
[EventCategory "20"]
[SourceTitle "CBM 137"]
[Source "ChessBase"]
[SourceDate "2010.07.15"]
[SourceVersion "1"]
[SourceVersionDate "2010.07.15"]
[SourceQuality "1"]

1. e4 c5 2. Nf3 d6 3. d4 cxd4 4. Nxd4 Nf6 5. Nc3 g6 6. Be3 Bg7 7. f3 Nc6 8. Qd2 O-O 9. O-O-O d5 {This is one of the most critical positions of the Sicilian Dragon. White hopes that after possible simplifications a better control in the center will secure him an edge.} 10. Kb1 {Schulz,A: 'Ein nützlicher Wartezug mit einer giftigen Pointe.'} Rb8 {Black prepares himself for an eventual exchange on c6, which would open the b-file and will leave the rook ideally placed on b8.} ({The main line goes} 10... Nxd4 11. e5 $1 {which happened for instance in the game Nisipeanu-Radjabov, Kings Tournament 2009.}) 11. Ndb5 {It is very likely that after the present game the White players will look for advantage in other lines, perhaps after moves like} (11. Be2) ({or} 11. h4 h5 12. Be2) 11... a6 12. Na7 {The knight on a7 looks somewhat misplaced, but all this is theory and up to the present game it was considered that White's prospects are slightly preferable.} e6 13. g4 ({The alternative is} 13. exd5 {but it seems that both} exd5 {and 13...Nxd5 offer Black a reasonable game.}) 13... Re8 $1 {Just like on move 10, Black makes another "mysterious rook move". This continuation came unexpected for Nisipeanu, who started to use lots of time. Black's idea is to place ideally his pieces for the opening of the position. And indeed it is far from easy for White to find a good plan.} ({The usual continuation is} 13... Qc7) 14. g5 Nh5 {Strictly speaking, only this move is new, but already 13...Re8 is almost unexplored. The first critical moment.} ({In a blitz game between two GMs Black played once the very weak} 14... Nd7 {and after} 15. exd5 exd5 16. Nxd5 Nde5 17. Bb6 Qd7 18. f4 Nf3 19. Qf2 Nfd4 20. Bc4 {Black could already resign in Balogh,C (2616)-Fier,A (2581)/Beijing (blitz) 2008.}) 15. Bf2 {This apparently logical continuation removing the bishop from the e-file has a serious drawback - it leaves the problem of the knight on a7.} ({Since his main concern should be the stuck knight, White had to consider} 15. Nxc8 d4 ({weaker is} 15... Rxc8 16. exd5 exd5 17. Nxd5) 16. Bf2 Rxc8 17. Ne2 {and although Black solved all opening problems, White has a normal position.}) 15... Bd7 $1 16. exd5 exd5 {The second critical moment and practically the decisive moment of the game. Unfortunately for Nisipeanu, he was still thinking that White is better and didn't realize the danger of the position.} 17. Qxd5 $146 ({Necessary was} 17. Nxd5 Be6 18. c4 {and at least White is not falling apart:} ({not} 18. Nxc6 bxc6 19. Nb6 Bd5 $1) 18... Bf5+ 19. Ka1 ({Again the alternative} 19. Bd3 {is bad, because of the simple} Bxd3+ 20. Qxd3 Qxg5) 19... Ra8 20. Nxc6 bxc6 21. Nc3 {even if after for instance} Qa5 {Black has a more pleasant play.}) ({RR} 17. Nxd5 Be6 18. c4 Bf5+ 19. Ka1 Ra8 20. Nxc6 bxc6 21. Nc3 Qa5 22. Ne4 Rad8 23. Bd3 Qe5 24. Qc2 Rb8 25. Nc3 Bxd3 26. Rxd3 Qxg5 27. Bd4 Nf4 28. Rd2 Bxd4 29. Rxd4 Ne6 30. Rd6 Red8 31. Ne4 Qe5 {Yap,K (2393)-Vakhidov,J (2295) Bandar Seri Begawan 2011 0-1 (41)}) 17... Ne5 18. Qb3 {Losing the g5-pawn is fatal for White.} ({More stubborn was} 18. h4 Be6 19. Qc5 Nd7 20. Qb4) 18... Qxg5 {[%eval -32767,0] The material became equal, but White remained with the knight on a7. Besides, his kingside pawn structure is horrible. So basically the game is over.} 19. Ne4 Qf4 20. Be2 Be6 21. Qa3 Nc4 22. Bxc4 Bxc4 23. Nd6 Bf8 24. Rd4 Qe5 (24... Qg5 {with the idea} 25. Rxc4 Qg2 $1 {was also strong.}) 25. Rxc4 Bxd6 ({Even quicker was} 25... Qe2 26. Qc3 ({or} 26. Qd3 Qxf2 27. Nxe8 Rxe8 28. Rd4 Nf4 29. Qd2 Ne2) 26... Bxd6 27. Bd4 Bxh2) 26. Qd3 Bf8 $1 {On top of all, Nisipeanu was in severe time trouble.} 27. a4 Rbd8 28. Qb3 Qd5 29. Rc3 Qd2 30. Be3 ({The last chance for a longer resistance was} 30. Rc7) 30... Qe2 31. Bb6 Rd1+ ({White resigned in view of} 31... Rd1+ 32. Rxd1 Qxd1+ 33. Ka2 Re1 34. Qc4 Qa1+ 35. Kb3 Rb1) 0-1

[Event "Bazna Kings 4th"]
[Site "Medias"]
[Date "2010.06.24"]
[Round "9"]
[White "Carlsen, Magnus"]
[Black "Nisipeanu, Liviu Dieter"]
[Result "1/2-1/2"]
[WhiteElo "2813"]
[BlackElo "2672"]
[Annotator "Nisipeanu,Liviu Dieter"]
[PlyCount "64"]
[EventDate "2010.06.14"]
[EventType "tourn"]
[EventRounds "10"]
[EventCountry "ROU"]
[EventCategory "20"]
[SourceTitle "CBM 137"]
[Source "ChessBase"]
[SourceDate "2010.07.15"]
[SourceVersion "1"]
[SourceVersionDate "2010.07.15"]
[SourceQuality "1"]

1. e4 e5 2. Nf3 Nc6 3. Bb5 {I was rather expecting the Scotch, or even more so the move 1.d4!} f5 {The first time that I have used the Schliemann Defence in a tournament game. I was hoping that Magnus would be a little surprised by it.} 4. Nc3 {Quickly played, so obviously he had something prepared, probably because Radjabov plays this from time to time.} fxe4 5. Nxe4 d5 {Radjabov aways plays 5...f6, so around here I was pretty sure, that Magnus was playing according to 'general knowledge'.} 6. Nxe5 dxe4 7. Nxc6 Qg5 8. Qe2 Nf6 9. f4 {Here, or on the next move, White can take on a7, but without heavy analysis it is hardly possible, even for the worlds number one, to find his way in the wild complications there.} Qxf4 10. Ne5+ (10. d4 {allows Black the extra option of 10...d6.}) 10... c6 11. d4 Qh4+ 12. g3 Qh3 13. Bc4 Be6 {This is considered to be the main line, at least in games between human opponents. As explained in various sources, the evaluation of this line depends of the strenght or weakness of Black's e4-pawn.} 14. Bg5 (14. Bf4 O-O-O 15. O-O-O Bd6 {is another possibilty, leading to complex play.}) 14... O-O-O 15. O-O-O Bd6 16. Rhf1 {The most natural continuation} (16. Qf1 {is considered to be the main line, but in his excellent book 'The Ruy Lopez Revisited' Ivan Sokolov showed a quite convincing way for Black to deal with it:} Rhf8 17. Nf7 Rd7 18. Qxh3 Bxh3 19. Bxf6 gxf6 20. Nxd6+ Rxd6 {followed by f5 and then h5-h4.}) 16... Rhe8 {For this move I spent a lot of time, but since I had blitzed out the previous once, I could afford it. The moment is indeed critical, since the subsequent endgame is not easy to evaluate.} ({After} 16... Rhf8 {I was afraid of} 17. g4 $5 Bxc4 18. Qxc4 {with initiative to White.}) 17. Bxf6 {The critical continuation.} (17. Bxe6+ Qxe6 18. Bxf6 gxf6 19. Nc4 Bc7 20. Kb1 f5 21. Ne3 Rf8 {seems fine for Black.}) 17... gxf6 18. Rxf6 Bxe5 19. Rxe6 ({The alternative} 19. Bxe6+ Rxe6 20. dxe5 Rxd1+ 21. Kxd1 Rxe5 22. Rf8+ Kc7 23. Rf7+ {was scary to meet over the board, but after} Kc8 24. Qf2 Rd5+ 25. Ke1 Qg4 26. Rf8+ Kc7 27. Qf4+ Qxf4 28. Rxf4 e3 {Black had just enough play for a draw in Popelka-Voetter correspondence 2007.}) ({RR} 19. Bxe6+ Rxe6 20. Rxe6 {½-½ (30) Kutuzovic,B (2334)-Ascic,P (2310) Sibenik 2010}) 19... Rxe6 20. Bxe6+ Qxe6 21. dxe5 Qh6+ $1 {Only after seeing this move could I really decide on 16...he8.} (21... Rxd1+ 22. Kxd1 Qd5+ 23. Ke1 Qxe5 24. Qg4+ {is probably bad for Black, since the pawn ending after} Kc7 25. Qf4 Qxf4 26. gxf4 Kd6 27. Ke2 Ke6 28. Ke3 Kf5 29. b4 {is winning for White.}) 22. Rd2 {Again the best try. Magnus was taking a lot of time with his moves, probably in order to put as many problems as possible for Black.} (22. Kb1 Rxd1+ 23. Qxd1 e3 $1 {passed pawns must be pushed!} (23... Qxh2 $2 24. e6 {is embarrassing.}) 24. b3 Qxh2 25. e6 Qd2 {leeds to a draw.}) 22... Rxd2 23. Qxd2 e3 24. Qe2 (24. Qd6 $4 e2+ {is something you hope for in a bullet game.}) 24... Qg5 25. Kd1 (25. e6 Qe5 $11) 25... Kc7 $1 {I am proud to say that I calculated this move before I played 21...h6.} (25... Qxe5 26. Qg4+ Kd8 (26... Kc7 $2 27. Qf4 Kd6 28. Ke2 $18) 27. Qg8+ Kc7 28. Qxh7+ Kb6 29. Ke2 {is clearly better for White.}) 26. Qd3 Qh5+ 27. Kc1 Qh6 $5 {Seeing that Carlsen was in a slight time trouble, I tried to tempt him into a complicated pawn ending, where precision is required from both sides. Since going for this ending was the only winning try in the position for White, I was silently hoping that Magnus would go for it.} (27... Qxe5 28. Qxh7+ Kb6 29. Qf7 Qe4 {is most likely enough for a draw.}) 28. Kd1 (28. Qd6+ Qxd6 29. exd6+ Kxd6 30. Kd1 Ke5 31. Ke2 Ke4 {was the critical line and it seems to be a draw with correct play from both sides. Here are some sample lines:} 32. b4 (32. c3 c5 33. c4 a6 34. b3 (34. a4 $2 a5 35. b3 b6 36. g4 Kf4 37. h3 h6 $19) 34... b5 35. cxb5 $1 axb5 36. a4 c4 37. a5 cxb3 38. a6 b2 39. a7 b1=Q 40. a8=Q+ $11) 32... b6 33. a4 (33. c3 b5 34. g4 Kf4 35. g5 Kxg5 36. Kxe3 Kg4 37. Kd4 Kh3 38. Kc5 Kxh2 39. Kxc6 a6 40. Kd5 h5 41. c4 bxc4 42. Kxc4 h4 43. a4 $11) 33... c5 34. bxc5 bxc5 35. c3 c4 36. g4 Kf4 37. g5 a5 38. h4 Kg4 39. Kxe3 Kxh4 40. Kf4 Kh3 41. Kf3 $1 $11 {After seeing all this lines, it seems that it is rather White who has to be careful and Magnus was absolutely right to avoid this pawn ending.}) 28... Qh5+ 29. Ke1 Qxh2 $1 30. Qd6+ (30. Qxe3 Qxc2 $11) 30... Kc8 $146 (30... Kb6 $2 {was the last possibility to go wrong:} 31. Qd8+ Ka6 32. Qd3+ b5 33. Qxe3 Qxc2 34. Qe2 {and Black is suffering for a draw.}) 31. Qf8+ Kc7 32. Qe7+ Kc8 1/2-1/2

[Event "Olympiad-39"]
[Site "Khanty-Mansiysk"]
[Date "2010.09.25"]
[Round "5.1"]
[White "Carlsen, Magnus"]
[Black "Vallejo Pons, Francisco"]
[Result "1-0"]
[WhiteElo "2826"]
[BlackElo "2697"]
[Annotator "ChessBase"]
[PlyCount "57"]
[EventDate "2010.09.21"]
[EventType "team-swiss"]
[EventRounds "11"]
[EventCountry "RUS"]
[SourceTitle "CBM 139"]
[Source "ChessBase"]
[SourceDate "2010.11.18"]
[SourceVersion "1"]
[SourceVersionDate "2010.11.18"]
[SourceQuality "1"]
[WhiteTeam "Norway"]
[BlackTeam "Spain"]
[WhiteTeamCountry "NOR"]
[BlackTeamCountry "ESP"]
[TimeControl "40/5400+30:1800+30"]

1. e4 c5 2. Nc3 a6 3. Nge2 d6 4. g3 Nc6 5. Bg2 g6 6. d3 Bg7 7. Be3 Nf6 8. h3 Bd7 ({RR} 8... O-O 9. O-O Rb8 10. Qd2 b5 11. f4 Nd7 12. g4 Nd4 13. Ng3 e6 14. Nd1 b4 15. c3 bxc3 16. bxc3 Nc6 17. Rc1 a5 18. Nf2 Ba6 19. g5 a4 20. Ng4 a3 21. Rc2 Rb2 22. Rfc1 Qb6 23. f5 {Grischuk,A (2779)-Le,Q (2712) Khanty-Mansiysk 2013 0-1 (46)}) 9. Qd2 b5 $146 ({RR} 9... O-O 10. Bh6 Bxh6 11. Qxh6 Nd4 12. Qd2 Rc8 13. Nxd4 cxd4 14. Ne2 Qb6 15. c3 dxc3 16. Nxc3 Bc6 17. O-O Rfd8 18. Rae1 Nd7 19. Kh2 Qd4 20. f4 Nc5 21. Re3 Na4 22. Nd1 Bb5 23. f5 Rc5 24. Rf4 {Dgebuadze,A (2499)-Bekker,S (2313) Belgium 2017 1-0 (44)}) 10. Bh6 Bxh6 11. Qxh6 Nd4 12. Nxd4 cxd4 13. Ne2 e5 14. O-O Ng8 15. Qd2 {#It is hard to understand black's plan here. In terms of development he is now behind two tempi (white's queen is developed and he has castled already), and though one might argue the bad bishop has been exchanged off, the bishop also helps keep the king safe around the dark squares.} Ne7 16. f4 O-O 17. g4 f6 18. Rf2 Nc6 19. Raf1 Qa5 20. c3 Qxa2 21. g5 fxg5 22. f5 Qf7 23. cxd4 {#} Rae8 $6 ({Not} 23... exd4 {because of} 24. Qxg5 Qf6 25. Qg3 g5 ({Or} 25... Qe5 26. Nf4 Rf7 27. Qh4) 26. h4 g4 27. Qxg4+ Kh8 28. Qg5 Qxg5 29. hxg5 Rg8 30. e5 $1 dxe5 31. g6 $1 hxg6 32. f6 Ra7 33. Bd5 {Threatening Rh2.}) ({Instead} 23... Qf6 {was better.} 24. dxe5 dxe5 25. Nc3 Ne7 26. d4 exd4 27. fxg6 (27. e5 Qxe5 28. Bxa8 Bxf5 29. Re1 dxc3 30. Rxe5 cxd2 31. Rxd2 Rxa8 32. Rxe7) 27... Qxg6 28. Qxd4 Bc6 {with a balanced position.}) 24. d5 Nd4 25. Nxd4 exd4 26. f6 g4 27. hxg4 Bxg4 28. Qf4 h5 29. Qxd6 1-0